LEADER 00542nab a2200145 i 4500 001 000000314758 003 CaOOAMICUS 005 20180831173137.0 008 180831n xx uu u0 0und r 013 $a23846 040 $aSeMil$bita 100 1 $aRimoldi, Antonio .$0(OLS)http://semarc/name/204 245 13$aIl Concilio Ecumenico e i suoi membri nella storia della Chiesa. 773 0 $t[Gennaio-Dicembre].$g163-185$w()273999 996 $6245$aIl Concilio Ecumenico e i suoi membri nella storia della Chiesa$9(OLS)http://semarc/title/388890 LEADER 00856nam a2200205 i 4500 001 000000013602 003 CaOOAMICUS 005 20180830125442.0 008 180830s1963 it u000 u ita u 040 $aSeMil$bita 100 1 $aWilletts, William.$0(OLS)http://semarc/name/6481 240 10$aChinese Art.$0(OLS)http://semarc/title/18145 245 10$aArte cinese /$cWilliam Willetts. 260 $aFirenze :$bSansoni,$ccopyr. 1963. 300 $a2 v. ;$c18 cm. 773 0 $tPiccole storie illustrate [Sansoni].$dFirenze : Sansoni, [19--]?.$w()9702 774 0 $aWilletts, William$tVolume primo.$kPiccole storie illustrate [Sansoni]$w()139924 774 0 $aWilletts, William$tVol. 2.$kPiccole storie illustrate [Sansoni]$w()139926 996 $6245$aArte cinese$9(OLS)http://semarc/title/18144 996 $6260$aFirenze :$bSansoni$9(OLS)http://semarc/publisher/29843